| 000 | 01535nam0a2200373 4500 | ||
|---|---|---|---|
| 001 | RU\NLR\BIBL_A\022749969 | ||
| 005 | 20260517042628.0 | ||
| 010 |
_a978-5-04-230938-0 _93000 |
||
| 021 |
_aRU _bКН-П-26-002819 _9КН-П-26-0258 |
||
| 035 | _a(NLR Aleph) 022749969 | ||
| 090 |
_a13704407 _c13704407 |
||
| 100 | _a20260311d2025 u y0rusy50 ca | ||
| 101 | 0 | _arus | |
| 102 | _aRU | ||
| 105 | _aa z 000yy | ||
| 181 | 0 |
_ai2 _baxxe |
|
| 181 | 0 |
_ab2 _bxb2e |
|
| 182 | 0 | _an | |
| 200 | 1 |
_aВремя вязать носки на спицах. 12 нескучных проектов на целый год _f[Котова Анна Игоревна] |
|
| 203 |
_aТекст _aИзображение _bвизуальные _cнепосредственные |
||
| 210 |
_aМосква _cЭксмо, Бомбора _d2025 (макет 2026) |
||
| 215 |
_a302, [1] с. _cил., цв. ил., табл. _d22 |
||
| 225 | 1 | _aРусская школа вязания | |
| 300 | _aАвт. указан в вып. дан. | ||
| 333 | _a12+ | ||
| 517 | 1 | _a12 нескучных проектов на целый год | |
| 532 | 1 | 0 | _aДвенадцать нескучных проектов на целый год |
| 606 | 1 |
_aНоски _xВязание спицами _92545174 _3RU\NLR\AUTH\6601719871 |
|
| 686 | 1 | _aМ483 | |
| 700 | 1 |
_7ca _8rus _aКотова _bА. И. _gАнна Игоревна _92649567 _3RU\NLR\AUTH\770277600 |
|
| 942 | _cBOOK | ||
| 980 | _aNB | ||